| 000 | 00912nam a2200265Ia 4500 | ||
|---|---|---|---|
| 001 | Z_5153 | ||
| 008 | 220601s9999 xx 000 0 und d | ||
| 020 | _a968-884-860-3 | ||
| 082 | _a633.2 G66 | ||
| 100 |
_aGonzález Embarcadero, Antonia _948874 |
||
| 245 | _aDistribución de especies hojosas de pastizal en la República Mexicana : parte II / Antonia González Embarcadero y Berta Rodríguez Castañeda | ||
| 260 | _aMéxico : UACh | ||
| 300 | _a238 p. | ||
| 503 | _aej.1: - ej.3: Donación | ||
| 504 | _aBiblbiografía: p. 237 - 238 | ||
| 650 | _a1. Pastizales - México | ||
| 650 |
_aFitogeografía _941157 |
||
| 650 | _aPlantas forrajeras - México - Distribución geográfica | ||
| 700 |
_aRodríguez Castañeda, Berta, coaut.Ì _9181701 |
||
| 901 | _a633.2 G66 | ||
| 902 | _aM | ||
| 905 | _a0000002003 mx ab 0000000000spa00 | ||
| 942 | _c1 | ||
| 999 |
_c216948 _d216948 |
||